La función notarial en la comunidad globalizada: Investigación aprobada por UBACyT en el año 2005, correspondiente al proyecto bienal 2001/3 de la facultad de derecho de la universidad de buenos aires, D802 (Registro nro. 22216)

Detalles MARC
000 -Cabecera
Campo de control interno 00652nam a22002057a 4500
005 - Fecha y hora del registro
control field 20260410120457.0
008 - Elementos de Longitud Fija
fixed length control field 260410b |||||||| |||| 00| 0 spa d
041 ## - Idioma
Codigo Idioma ESP
082 ## - DEWEY y NOTACIÓN INTERNA
Dewey 345.733
Notación Interna H52
100 ## - AUTOR
Autor denominación Highton, Elena I.
245 ## - TÍTULO DE MATERIAL BIBLIOGRÁFICO
Título La función notarial en la comunidad globalizada: Investigación aprobada por UBACyT en el año 2005, correspondiente al proyecto bienal 2001/3 de la facultad de derecho de la universidad de buenos aires, D802
260 ## - CIUDAD, EDITORIAL, AÑO
Ciudad :
Nombre de la Editorial ,
Año 2005
300 ## - DESCRIPCIÓN
N° Páginas 211 páginas :
Otros detalles ;
Dimensiones 22 cm.
440 ## - MENCIÓN DE SERIE
Título de la Serie ;
650 ## - TEMAS
Temas Derecho
654 ## - PROGRAMAS
Programa Dpto. de Derecho y Ciencia Política
700 ## - OTROS AUTORES
Otros autores ;
942 ## - ELEMENTOS DE KOHA
Tipo de documento Libro
Nombre del creador Justo Noguera
Código de catalogador Justo Noguera
Suppress in OPAC No
Esquema de clasificación Dewey Decimal Classification
Existencias
Codigo completo Registro Colección Copia número Disponibilidad Tipo de préstamo Biblioteca Actual Procedencia (Biblioteca) Ubicacón Fecha Ingreso Tipo de Adquisición Date last seen Total checkouts Price effective from Tipo de Item Estado del Material Fuente de Clasificación Damaged status Withdrawn status
345.733 H52 1035444 Universidad Católica San Pablo 1 Disponible Disponible Víctor Andrés Belaunde Víctor Andrés Belaunde Primer piso 10/04/2026 Compra 10/04/2026   10/04/2026 Libro Bueno Dewey Decimal Classification